[Event "Moscow ol (Women)"]
[Site "Moscow"]
[Date "1994.??.??"]
[Round "11"]
[White "Qin Kanying"]
[Black "Fomina, Tatyana"]
[Result "1-0"]
[WhiteElo "2375"]
[BlackElo "2260"]

1.e4 c5 2.Nf3 e6 3.d4 cxd4 4.Nxd4 Nc6 5.Nc3 d6 6.g3 Nf6 7.Bg2 Bd7 8.O-O Be7
9.Ndb5 Qb8 10.Bg5 a6 11.Bxf6 gxf6 12.Nd4 Qc7 13.Nce2 f5 14.exf5 e5 15.Nxc6 bxc6
16.f4 Bf6 17.c3 O-O 18.fxe5 Bxe5 19.Kh1 f6 20.Nd4 Rf7 21.Qd3 d5 22.Rad1 Rb8
23.b3 Qa5 24.b4 Qb6 25.Nf3 a5 26.a3 axb4 27.axb4 Ra8 28.Ra1 Rxa1 29.Rxa1 Re7
30.Ra8+ Kg7 31.Ra1 Qf2 32.Rf1 Qb2 33.Re1 Be8 34.h4 Qf2 35.g4 Qg3 36.g5 Bh5
37.Rxe5 Rxe5 38.Nxe5 Qxe5 39.Qd4 Qxd4 40.cxd4 Bg4 41.Kh2 fxg5 42.hxg5 Bxf5
43.Kg3 Kf7 44.Kf4 Ke6 45.Bf1 Bg6 46.Bh3+ Ke7 47.Ke5 Bd3 48.Be6 Bc2 49.Bc8 Bd3
50.Bg4 Be4 51.Be2 Kd7 52.b5 Kc7 53.bxc6 Kxc6 54.Bg4 Kb5 55.Bf5  1-0

[Event "Moscow ol (Men)"]
[Site "Moscow"]
[Date "1994.??.??"]
[Round "12"]
[White "Atlas, Valeri"]
[Black "Mifsud, Timothy"]
[Result "1/2-1/2"]
[WhiteElo "2450"]
[BlackElo "2170"]

1.e4 c5 2.Nf3 Nc6 3.Nc3 e6 4.d4 cxd4 5.Nxd4 Nf6 6.g3 d6 7.Bg2 Be7 8.O-O O-O
9.Be3 a6 10.a4 Bd7 11.Qe2 Qc7 12.Rad1 Na5 13.Bc1 Rac8 14.g4 Qc4 15.Rd3 Rfd8
16.g5 Ne8 17.b3 Qc7 18.h4 b5 19.axb5 axb5 20.h5 b4 21.Na2 d5 22.exd5 e5 23.g6 hxg6
24.hxg6 fxg6 25.Ne6 Bxe6 26.dxe6 Rxd3 27.Qxd3 Qxc2 28.Qd7 Qc7 29.Be3 Nf6
30.Qxc7 Rxc7 31.Rc1 Rxc1+ 32.Nxc1 e4 33.Bd4 Kf8 34.Kf1 g5 35.Ke2 Nc6  1/2-1/2

[Event "Moscow ol (Men)"]
[Site "Moscow"]
[Date "1994.??.??"]
[Round "12"]
[White "Tkachiev, Vladislav"]
[Black "Lautier, Joel"]
[Result "1/2-1/2"]
[WhiteElo "2535"]
[BlackElo "2645"]

1.e4 c5 2.Nf3 e6 3.Nc3 Nc6 4.d4 cxd4 5.Nxd4 Nf6 6.Ndb5 d6 7.Bf4 e5 8.Bg5 a6
9.Na3 b5 10.Nd5 Be7 11.Bxf6 Bxf6 12.c3 O-O 13.Nc2 Bg5 14.a4 bxa4 15.Rxa4 a5
16.Bc4 Kh8 17.O-O f5 18.exf5 Bxf5 19.Bd3 Be6 20.Be4 Rb8 21.b4 axb4 22.Ncxb4 Nxb4
23.Nxb4 Rc8 24.Ra6 Rxc3 25.Rxd6 Qe8 26.Qa1 Rc8  1/2-1/2

[Event "Moscow ol (Men)"]
[Site "Moscow"]
[Date "1994.??.??"]
[Round "13"]
[White "Bologan, Viktor"]
[Black "Ye Jiangchuan"]
[Result "1/2-1/2"]
[WhiteElo "2600"]
[BlackElo "2575"]

1.e4 c5 2.Nf3 Nc6 3.d4 cxd4 4.Nxd4 e6 5.Nc3 a6 6.Be2 Qc7 7.Be3 Nf6 8.O-O Bb4
9.Na4 Be7 10.Nxc6 bxc6 11.Nb6 Rb8 12.Nxc8 Qxc8 13.e5 Nd5 14.Bc1 Bc5 15.Qd3 O-O
16.Qg3 Ne7 17.Bd3 Qc7 18.b3 a5 19.Qh3 Ng6 20.Bb2 a4 21.Rae1 axb3 22.axb3 Be7
23.f4 f5 24.Bc4 Ra8 25.Qd3 Bc5+ 26.Kh1 Ne7 27.c3 Nd5 28.b4 Be7 29.Bb3 Nb6
30.Bc1 c5 31.bxc5 Bxc5 32.Bd2 Ra3 33.Rb1 Qc6 34.h3 g6 35.Rfd1 Qe4 36.Qb5 Rc8
37.Re1 Qc6 38.Qd3 Kf7 39.Kh2 Nd5 40.Red1 Rc7 41.Rdc1 Ra5  1/2-1/2

[Event "Moscow ol (Men)"]
[Site "Moscow"]
[Date "1994.??.??"]
[Round "13"]
[White "Gdanski, Jacek"]
[Black "Damljanovic, Branko"]
[Result "1/2-1/2"]
[WhiteElo "2505"]
[BlackElo "2505"]

1.e4 c5 2.Nf3 e6 3.Nc3 Nc6 4.d4 cxd4 5.Nxd4 Qc7 6.g3 a6 7.Bg2 Nf6 8.O-O Bc5
9.Nb3 Ba7 10.Qe2 d6 11.a4 Ne5 12.Be3 Bxe3 13.Qxe3 Nc4 14.Qc1 e5 15.Nd2 Be6
16.Nxc4 Bxc4 17.Rd1 O-O 18.a5 Rfd8 19.Qd2 b5 20.axb6 Qxb6 21.b3 Be6 22.Na4 Qc6
23.c4 Rab8 24.Qc2 h5 25.h4 Rb4 26.Ra3 Rdb8 27.Qd3 Ne8 28.Qc3 a5 29.Nb2 Nf6
30.Qc2 Qb6 31.Rd3 Nd7 32.Na4 Qc7 33.Qd2 g6 34.Kh2 Nf6 35.Bf3 Kg7 36.Kg2 Bg4
37.Bxg4 hxg4 38.Re3 Qc6 39.Qc2 d5 40.Nb2 dxc4 41.Nd3 Rxb3 42.Nxe5 Qe8 43.Nxc4 Rxe3
44.Nxe3 Rc8 45.Qd3 Rc5 46.Qd4 Qxe4+ 47.Qxe4 Nxe4 48.Nxg4 f5 49.Ne3 Kf6 50.Kf3 Nd6
51.Kf4 Ne8 52.g4 Nc7 53.gxf5 gxf5 54.Ra4 Rb5 55.Kf3 Ne6 56.Nc2 Nc5 57.Rc4 Rb3+
58.Ne3 Ne6 59.Ra4 Rb5 60.Nc2 Rc5 61.Ne3 Re5 62.Rc4 Rb5 63.Rc6 Rb3 64.Ra6 f4
65.Rxa5 fxe3 66.fxe3 Rb4 67.h5 Rb8 68.Kg3 Rg8+ 69.Kf3 Ng5+ 70.Kf4 Ne6+ 71.Kf3 Rg1
72.Kf2 Rg4 73.Kf3 Rc4 74.Ra7 Kf5 75.h6 Ng5+ 76.Ke2 Rh4 77.Ra5+ Kg6 78.Ra6+ Kh7
79.Kd3 Nf7 80.Ra7 Kg6 81.Ra6+ Kg5 82.Ra5+ Kxh6 83.e4 Kg6 84.Kd4 Kf6 85.Ra6+ Ke7
86.Ra7+ Ke6 87.Ra5 Nd6 88.Re5+ Kd7  1/2-1/2

[Event "Moscow ol (Men)"]
[Site "Moscow"]
[Date "1994.??.??"]
[Round "14"]
[White "Safarzadeh, Esmail"]
[Black "Pineda, Boris"]
[Result "1/2-1/2"]
[WhiteElo "2315"]
[BlackElo "2230"]

1.e4 c5 2.Nf3 e6 3.d4 cxd4 4.Nxd4 Nc6 5.Nc3 Qc7 6.Be3 a6 7.Be2 Nf6 8.O-O d6
9.f4 Be7 10.Qe1 O-O 11.Qg3 Bd7 12.Rae1 b5 13.a3 Rac8 14.Bd3 Kh8 15.e5 dxe5
16.Nxc6 exf4 17.Bxf4 Qxc6 18.Be5 Ne8 19.Ne4 f5 20.Ng5 Bf6 21.Qh4 h6 22.Bxf6 Nxf6
23.Nf3 Qc5+ 24.Kh1 Ng4 25.h3 Ne3 26.b4 Qa7 27.Qf2 f4 28.Ne5 Kg8 29.Ng6 Rf6
30.Nxf4 Rcf8 31.Qxe3 Qxe3 32.Rxe3 Rxf4 33.Rxf4 Rxf4 34.Be4 Kf7 35.Rf3 Rxf3
36.Bxf3 Bc8 37.Kg1 Kf6 38.Kf2 e5 39.Bd5 Ke7 40.c4 Kd6 41.Ke3 g5 42.Bf7 bxc4
43.Bxc4 Bb7 44.g3 Ke7 45.a4 Kd6 46.a5 Kc7 47.Be2 Bc8 48.g4 Bb7 49.Bd3 Kd6
50.b5 axb5 51.Bxb5 Kc5 52.Bf1 Kd5  1/2-1/2

[Event "Moscow ol (Women)"]
[Site "Moscow"]
[Date "1994.??.??"]
[Round "14"]
[White "Polgar, Sofia"]
[Black "Uskova, Fliura"]
[Result "1-0"]
[WhiteElo "2450"]
[BlackElo "2250"]

1.e4 c5 2.Nf3 e6 3.d4 cxd4 4.Nxd4 Nc6 5.Nc3 Qc7 6.Be2 a6 7.O-O Nf6 8.Be3 Bb4
9.Na4 Be7 10.Nxc6 bxc6 11.Nb6 Rb8 12.Nxc8 Qxc8 13.e5 Nd5 14.Bc1 O-O 15.c4 Nc7
16.Bd3 c5 17.b3 Ne8 18.Qc2 g6 19.Bb2 Qc7 20.Rad1 Ng7 21.Qd2 f5 22.Be2 Rb7
23.Qh6 Rf7 24.Rd3 Ne8 25.Rfd1 Bf8 26.Qf4 a5 27.h4 a4 28.h5 axb3 29.axb3 Qb8
30.hxg6 hxg6 31.Qg3 Rg7 32.Bc1 g5 33.Bxg5 Be7 34.f4 Bxg5 35.fxg5 Qd8 36.g6 Nc7
37.Qh2 Ne8 38.Rh3 Rxg6 39.Rh8+ Kf7 40.Qh7+  1-0

[Event "Moscow ol (Men)"]
[Site "Moscow"]
[Date "1994.??.??"]
[Round "14"]
[White "Short, Nigel D"]
[Black "Zvjaginsev, Vadim"]
[Result "1/2-1/2"]
[WhiteElo "2665"]
[BlackElo "2585"]

1.e4 c5 2.Nf3 e6 3.d4 cxd4 4.Nxd4 Nc6 5.Nc3 Qc7 6.Be3 Nf6 7.f3 a6 8.Qd2 d5
9.exd5 Nxd5 10.Nxd5 exd5 11.O-O-O Bd6 12.Kb1 O-O 13.h4 Re8 14.h5 h6 15.Bd3 Be5
16.c3 Nxd4 17.cxd4 Bg3 18.Bc2 Bd7 19.Qd3 f5 20.Bb3 Bb5 21.Bxd5+ Kh8 22.Qb3 Qd7
23.Bf7 Re7 24.Bg6 Ba4 25.Qd3 Bxd1 26.Rxd1 Qd5 27.Bd2 Rd8 28.Bb4 Bd6 29.Bxd6 Qxd6
30.Bxf5 Qf4 31.Be4 Rc7 32.a3 b5 33.g4 Rdc8 34.Qd2 Qxd2 35.Rxd2 Rd8 36.d5 Kg8
37.Bf5 Rd6 38.Be6+ Kf8 39.Rc2 Rc4 40.b4 Rf4 41.Rc3 Ke7 42.Kc2 Kf6 43.Kd2 a5
44.bxa5 Ra6 45.Rb3 Rxa5 46.Kc2 Raa4 47.Bf5 Rfc4+ 48.Kb2 b4 49.axb4 Raxb4
50.Rxb4 Rxb4+ 51.Kc3 Ra4 52.Be4 Ke5 53.Kb3 Rd4  1/2-1/2

[Event "Muenster op"]
[Site "Muenster"]
[Date "1994.??.??"]
[Round "5"]
[White "Golubev, Mihail"]
[Black "Ruzele, Darius"]
[Result "1/2-1/2"]
[WhiteElo "2545"]
[BlackElo "2495"]

1.e4 c5 2.Nf3 e6 3.d4 cxd4 4.Nxd4 Nc6 5.Nc3 Qc7 6.Be3 a6 7.Bd3 Nf6 8.O-O Bd6
9.Nxc6 bxc6 10.f4 e5 11.f5 Be7 12.Na4 d5 13.Bb6 Qb8 14.Qe1 Bd7 15.Bc5 Bxc5+
16.Nxc5 Qxb2 17.Kh1 Bc8 18.exd5 cxd5 19.Rb1 Qd4 20.Nb3 Qa7 21.Qxe5+ Qe7 22.Qxe7+ Kxe7
23.Rfe1+ Kd6 24.c4 dxc4 25.Bxc4 Re8 26.Rbd1+ Kc7 27.Rxe8 Nxe8 28.Bxf7 Bxf5
29.Nd4 Be4 30.Ne6+ Kb6 31.Kg1 Bc6 32.Rb1+ Ka7 33.Nd4 Be4 34.Rd1  1/2-1/2

[Event "Muenster op"]
[Site "Muenster"]
[Date "1994.??.??"]
[Round "7"]
[White "Matthaei, Alexander"]
[Black "Ruzele, Darius"]
[Result "1/2-1/2"]
[WhiteElo "2285"]
[BlackElo "2495"]

1.e4 c5 2.Nf3 Nc6 3.Nc3 e6 4.d4 cxd4 5.Nxd4 Qc7 6.Be3 a6 7.Bd3 Nf6 8.O-O Ne5
9.h3 Bc5 10.Qe2 Ng6 11.Nb3 Bxe3 12.Qxe3 d6 13.f4 O-O 14.Ne2 Nd7 15.Qg3 Nf6
16.Rf2 e5 17.fxe5 dxe5 18.Qe3 Nh5 19.Nc3 Nhf4 20.Nd5 Nxd5 21.exd5 b5 22.Bxg6 hxg6
23.Re1 f6 24.Rd2 Rd8 25.Qc5 Qd6 26.Qxd6 Rxd6 27.Nc5 b4 28.c4 bxc3 29.bxc3 Bf5
30.g4 Rc8 31.Nb7 Rd7 32.Na5 Be6 33.Red1 Bf7 34.Nc6 Be8 35.Rd3 e4 36.Rd4 Rdc7
37.Rxe4 Bxc6 38.dxc6 Rxc6 39.Re7 R6c7 40.Rxc7 Rxc7 41.Rc1 Rc4 42.Kf2 f5 43.Ke3 Kf7
44.Kd3 Rf4 45.c4 fxg4 46.Ke3  1/2-1/2

[Event "Nagykanizsa op"]
[Site "Nagykanizsa"]
[Date "1994.??.??"]
[Round "?"]
[White "Bagonyai, Attila"]
[Black "Sergienko, Sergey"]
[Result "1-0"]
[WhiteElo "2245"]
[BlackElo "2410"]

1.e4 c5 2.Nc3 Nc6 3.Nf3 e6 4.d4 cxd4 5.Nxd4 d6 6.Be3 Nf6 7.f3 a6 8.g4 h6
9.Qe2 Qc7 10.O-O-O Bd7 11.Qd2 Ne5 12.h4 Nc4 13.Bxc4 Qxc4 14.g5 Nh5 15.g6 fxg6
16.Qg2 O-O-O 17.Qxg6 Nf6 18.Qf7 Re8 19.Nf5 d5 20.Nxg7 Rh7 21.Rhg1 Be7 22.e5 Ng8
23.Qg6 Rxg7 24.Qxg7 Ba3 25.Rd3 Bc5 26.Bxc5 Qxc5 27.Nxd5  1-0

[Event "New York Murphy-ACF"]
[Site "New York"]
[Date "1994.??.??"]
[Round "1"]
[White "Waitzkin, Joshua"]
[Black "Fedorowicz, John P"]
[Result "0-1"]
[WhiteElo "2430"]
[BlackElo "2520"]

1.e4 c5 2.Nf3 e6 3.d4 cxd4 4.Nxd4 Nc6 5.Nc3 Qc7 6.g3 a6 7.Bg2 Nf6 8.O-O Bb4
9.Nde2 Be7 10.a4 O-O 11.h3 d6 12.Be3 Rb8 13.g4 Nd7 14.Ng3 Re8 15.Nce2 Bf8
16.Qd2 b5 17.axb5 axb5 18.b3 b4 19.Nf4 Bb7 20.Nd3 Nc5 21.Nb2 Ra8 22.Rfd1 Ba6
23.Ne2 e5 24.Ng3 g6 25.Bf1 Bxf1 26.Kxf1 Rxa1 27.Rxa1 Ne6 28.Nc4 Ncd4 29.Qd1 Qb7
30.Ra5 Ra8 31.Rd5 Ra2 32.Nxd6 Qa6+ 33.Kg2 Bxd6 34.Nf5 Bf8 35.Nxd4 exd4 36.Bc1  0-1

[Event "New York op"]
[Site "New York"]
[Date "1994.??.??"]
[Round "3"]
[White "Mirabile, Tim"]
[Black "Vucic, Mladen"]
[Result "0-1"]
[WhiteElo "2245"]
[BlackElo "2405"]

1.e4 c5 2.Nf3 e6 3.d4 cxd4 4.Nxd4 Nc6 5.Nc3 d6 6.Be3 a6 7.Bc4 Qc7 8.Qe2 Nf6
9.O-O-O Be7 10.Bb3 Na5 11.g4 b5 12.g5 Nxb3+ 13.axb3 Nd7 14.Kb1 b4 15.Na4 Nc5
16.Qc4 Bd7 17.f4 Rb8 18.Nxc5 dxc5 19.f5 Bb5 20.Nxe6 fxe6 21.Qxe6 Rb6 22.Qd5 Bc6
23.Qd2 O-O 24.Bf4 Qb7 25.f6 gxf6 26.gxf6 Rxf6 27.Rhg1+ Rg6 28.Be5 Bxe4 29.h4 c4
30.h5 cxb3 31.Rdf1 Bxc2+ 32.Kc1 Qc6 33.hxg6 Bxg6+ 34.Kd1 Qe4 35.Qd4 Qc2+
36.Ke1 Re6 37.Rf2 Bh4 38.Qxh4 Rxe5+ 39.Kf1 Qc1+ 40.Kg2 Rg5+ 41.Kh3 Qxg1 42.Qc4+ Kg7
43.Qd4+ Kh6 44.Qf4 Bf5+ 45.Kh4 Qg4+  0-1

[Event "New York Murphy-ACF"]
[Site "New York"]
[Date "1994.??.??"]
[Round "4"]
[White "Fedorowicz, John P"]
[Black "Ehlvest, Jaan"]
[Result "0-1"]
[WhiteElo "2520"]
[BlackElo "2610"]

1.e4 c5 2.Nf3 e6 3.d4 cxd4 4.Nxd4 Nc6 5.Nc3 d6 6.g4 a6 7.Be3 Bd7 8.g5 Nge7
9.Nxc6 Nxc6 10.Bg2 Rc8 11.O-O Ne5 12.Kh1 h6 13.Qh5 b5 14.a3 Ng6 15.gxh6 Qh4
16.Bf3 Qf6 17.Bg5 Qe5 18.Rad1 Rc5 19.Nd5 exd5 20.exd5 Rxh6 21.Bxh6 Qxh5 22.Bxh5 gxh6
23.Rfe1+ Be7 24.Bxg6 fxg6 25.Rd4 Kf7  0-1

[Event "New York Murphy-ACF"]
[Site "New York"]
[Date "1994.??.??"]
[Round "6"]
[White "Ashley, Maurice"]
[Black "Ehlvest, Jaan"]
[Result "1/2-1/2"]
[WhiteElo "2460"]
[BlackElo "2610"]

1.e4 c5 2.Nf3 e6 3.d4 cxd4 4.Nxd4 Nc6 5.Nc3 a6 6.g3 Nge7 7.Nb3 d6 8.Bg2 Bd7
9.O-O Nc8 10.a4 Be7 11.Qe2 O-O 12.Nd1 Re8 13.Ne3 Bf8 14.Rd1 b6 15.Bd2 Qc7
16.Bc3 Ra7 17.h4 Qb8 18.h5 h6 19.Bf1 N8e7 20.Qd2 Qa8 21.Bg2 Rd8 22.Nc4 Nc8
23.Qe3 Qb8 24.Bf1 Rc7 25.Na3 Qa8 26.Rd2 Re8 27.Nc4 Qb8 28.Na3 Ra7 29.Rad1 Nd8
30.a5 b5 31.Bd4 Ra8 32.e5 d5 33.c3 Nb7 34.Nc2 Ne7 35.Nb4 Nf5 36.Qe1 Nxd4
37.Rxd4 Qd8 38.Nxd5 exd5 39.Rxd5 Bd6 40.Rxd6 Nxd6 41.Rxd6 Qc7 42.Qd2 Be6
43.Nd4 Rad8 44.Qf4 Rxd6 45.exd6 Qc5 46.Bd3 Qxh5 47.Qe4 Qd1+ 48.Kh2 Qh5+ 49.Kg1 Qd1+
50.Kh2 Qh5+ 51.Kg1  1/2-1/2

[Event "New York MCC"]
[Site "New York"]
[Date "1994.??.??"]
[Round "10"]
[White "Fedorowicz, John P"]
[Black "Gurevich, Ilya"]
[Result "1/2-1/2"]
[WhiteElo "2520"]
[BlackElo "2585"]

1.e4 c5 2.Nf3 e6 3.d4 cxd4 4.Nxd4 Nc6 5.Nc3 Qc7 6.Be2 a6 7.O-O Nf6 8.Kh1 Be7
9.f4 d6 10.Be3 O-O 11.Bf3 Bd7 12.a4 Nxd4 13.Bxd4 Bc6 14.a5 Rac8 15.Qe1 e5
16.Bb6 Qb8 17.Qe3 Nd7 18.Bg4 Nxb6 19.axb6 exf4 20.Qxf4 Rce8 21.Qg3 Qd8 22.Qe3 Bf6  1/2-1/2

[Event "Niksic"]
[Site "Niksic"]
[Date "1994.??.??"]
[Round "?"]
[White "Ivanovic, Bozidar"]
[Black "Kontic, Djordje"]
[Result "1-0"]
[WhiteElo "2470"]
[BlackElo "2365"]

1.e4 c5 2.Nf3 Nc6 3.d4 cxd4 4.Nxd4 e6 5.Nc3 Qc7 6.Be2 a6 7.O-O Nf6 8.Kh1 Nxd4
9.Qxd4 Bc5 10.Qd2 d6 11.Bd3 Bd7 12.Qg5 O-O-O 13.Be3 Bxe3 14.Qxe3 h5 15.h3 h4
16.Kg1 Kb8 17.Rfd1 Rh5 18.Be2 Re5 19.Qd4 g5 20.Qxd6 Nxe4 21.Nxe4 Rxe4 22.Qd3 Re5
23.Bf3 Bc8 24.Qh7 f6 25.Qg6 Rxd1+ 26.Rxd1 Qe7 27.c3 Rc5 28.Qg8 Kc7 29.Rd3 e5
30.b4 Bf5 31.Bg4 Bxd3 32.Qc8+ Kb6 33.bxc5+ Ka7 34.Bd7 Bb5 35.Bxb5 axb5 36.c6 Kb6
37.cxb7 Qxb7 38.Qd8+ Kc5 39.Qxf6 Qe4 40.Qxg5 Qb1+ 41.Kh2  1-0

[Event "Niksic"]
[Site "Niksic"]
[Date "1994.??.??"]
[Round "?"]
[White "Nikac, Predrag"]
[Black "Kontic, Djordje"]
[Result "1-0"]
[WhiteElo "2260"]
[BlackElo "2365"]

1.e4 c5 2.Nf3 Nc6 3.d4 cxd4 4.Nxd4 e6 5.Nc3 Qc7 6.Be2 a6 7.O-O Nf6 8.Kh1 Nxd4
9.Qxd4 Bc5 10.Qd2 d6 11.Qg5 Bd4 12.Bd3 Qc5 13.Qg3 h5 14.Be3 Bd7 15.Bxd4 Qxd4
16.Rad1 h4 17.Qxg7 Ke7 18.Ne2 Qc5 19.b4 Qxb4 20.Nf4  1-0

[Event "Niksic"]
[Site "Niksic"]
[Date "1994.??.??"]
[Round "?"]
[White "Vukovic, Zdravko"]
[Black "Kontic, Djordje"]
[Result "1/2-1/2"]
[WhiteElo "2410"]
[BlackElo "2365"]

1.e4 c5 2.Nf3 Nc6 3.d4 cxd4 4.Nxd4 e6 5.Nc3 Qc7 6.Be2 a6 7.O-O Nf6 8.Kh1 Nxd4
9.Qxd4 Bc5 10.Qd2 h6 11.f4 Bb4 12.Qd4 Bxc3 13.bxc3 b5 14.Ba3 Bb7 15.Bd6 Qc6
16.Bf3 Nxe4 17.Qxg7 O-O-O 18.Rad1 Rhg8 19.Qe5 f6 20.Qd4 Qxd6 21.Qxd6 Nxd6
22.Rxd6 Kc7 23.Rd4 e5 24.fxe5 fxe5 25.Rh4 Rdf8 26.Rh3 Rg6 27.Kg1 Rgf6 28.Be2 Bd5
29.a3 Bc4 30.Rhf3 Rxf3 31.Rxf3 Rxf3 32.Bxf3 Kb6 33.Kf2 Ka5 34.Bb7 Ka4 35.Bxa6 Bd5
36.Bc8 Bc6 37.g4 Ka5 38.h4 Kb6 39.g5 hxg5 40.hxg5 Kc7 41.Ba6 Kb6 42.Bc8 Kc7
43.Ba6  1/2-1/2

[Event "JUG-chT"]
[Site "Nis"]
[Date "1994.??.??"]
[Round "?"]
[White "Velimirovic, Dragoljub"]
[Black "Antic, Dejan"]
[Result "1-0"]
[WhiteElo "2490"]
[BlackElo "2385"]

1.e4 c5 2.Nf3 e6 3.d4 cxd4 4.Nxd4 Nc6 5.Nc3 a6 6.Be2 Qc7 7.O-O Nf6 8.Kh1 Be7
9.f4 d6 10.Be3 O-O 11.a4 Re8 12.Bf3 Rb8 13.Nb3 b6 14.Qe1 Na5 15.Nd4 e5 16.fxe5 dxe5
17.Qg3 Bd6 18.Bh6 g6 19.Qh4 Be7 20.Nf5 Bxf5 21.exf5 e4 22.Be2 Qc6 23.Bg5 Rf8
24.Bxa6 h6 25.Bxh6 Nd5 26.Qxe4  1-0

[Event "JUG-chT"]
[Site "Nis"]
[Date "1994.??.??"]
[Round "?"]
[White "Kojovic, Dragan"]
[Black "Marjanovic, Slavoljub"]
[Result "0-1"]
[WhiteElo "2135"]
[BlackElo "2400"]

1.e4 c5 2.Nf3 e6 3.d4 cxd4 4.Nxd4 Nc6 5.Nc3 Qc7 6.g3 a6 7.Bg2 d6 8.O-O Bd7
9.Nxc6 Bxc6 10.a4 b6 11.Re1 Be7 12.Qg4 h5 13.Qe2 h4 14.Qg4 hxg3 15.hxg3 Kf8
16.Bg5 Nf6 17.Qe2 Qb7 18.Rad1 b5 19.axb5 axb5 20.b4 Rc8 21.Ra1 d5 22.exd5 Nxd5
23.Bxe7+ Kxe7 24.Ne4 Rh6 25.Qg4 Nf6 26.Qg5 Rh5 27.Qe3 Rc7 28.Nc5 Qc8 29.Bxc6 Rxc6
30.Ra7+ Rc7 31.Rea1 Rxa7 32.Rxa7+ Kf8 33.Qf3 Rd5 34.Ne4 Qxc2 35.Nxf6 gxf6
36.Qxf6 Rd1+ 37.Kh2 Qh7+ 38.Qh4 Qxh4+ 39.gxh4 Rd4 40.Kg3 Rxb4 41.f4 Rb1 42.Kg4 b4
43.Kg5 Kg7 44.h5 Rg1+ 45.Kh4 b3 46.Rb7 Rb1 47.Kg3 b2 48.Kg2 Kh6  0-1

[Event "JUG-chT"]
[Site "Nis"]
[Date "1994.??.??"]
[Round "?"]
[White "Velimirovic, Dragoljub"]
[Black "Abramovic, Bosko"]
[Result "0-1"]
[WhiteElo "2490"]
[BlackElo "2500"]

1.e4 c5 2.Nf3 e6 3.d4 cxd4 4.Nxd4 Nc6 5.Nc3 a6 6.Be2 Qc7 7.O-O Nf6 8.Kh1 Be7
9.f4 d6 10.Bf3 O-O 11.a4 Nxd4 12.Qxd4 e5 13.Qf2 exf4 14.Bxf4 Be6 15.Qg3 Nd7
16.Bg4 Ne5 17.Bxe6 fxe6 18.Qh3 Qc4 19.b3 Qc8 20.Ne2 Rf6 21.Nd4 Ng6 22.Be3 Qd7
23.Rfd1 h6 24.c4 Raf8 25.Rac1 Qc8 26.Ne2 Kh7 27.Bg5 Rf2 28.Bxe7 Nxe7 29.Nd4 R8f6
30.Nf3 Ng6 31.Ng1 Qc6 32.Qd3 Ne5 33.Qxd6 Ng4 34.Nh3 Rf1+  0-1

[Event "NLD-chT9495"]
[Site "?"]
[Date "1994.??.??"]
[Round "1"]
[White "Cuijpers, Frans Andre"]
[Black "Langeweg, Kick"]
[Result "1/2-1/2"]
[WhiteElo "2425"]
[BlackElo "2390"]

1.e4 c5 2.Nf3 e6 3.d4 cxd4 4.Nxd4 Nc6 5.Nc3 Qc7 6.Be2 a6 7.O-O Nf6 8.Be3 Be7
9.f4 d6 10.a4 O-O 11.Kh1 Rd8 12.Qe1 Nxd4 13.Bxd4 e5 14.Be3 exf4 15.Bxf4 Be6
16.Qg3 Nd7 17.Bg4 Re8 18.Rad1 Ne5 19.Bxe6 fxe6 20.Ne2 Bf6 21.Nd4 Nf7 22.Be3 Be5
23.Qg4 Re7 24.c3 Qc4 25.Ra1 Rae8 26.h3 Nd8 27.Kg1 Rf7 28.Qe2 Rxf1+ 29.Qxf1 Qc7
30.Nf3 Rf8 31.Qd3 Bg3 32.Rf1 Qf7 33.Nd2 Qg6 34.Rxf8+ Kxf8 35.Bf2 Bf4 36.Qf3 Qf7
37.Nc4 Nc6 38.g3 Be5 39.Kg2  1/2-1/2

[Event "NLD-chT9495"]
[Site "?"]
[Date "1994.??.??"]
[Round "1"]
[White "Bertholee, Rob"]
[Black "Lemmers, Oscar"]
[Result "1-0"]
[WhiteElo "2335"]
[BlackElo "2375"]

1.e4 c5 2.Nf3 e6 3.Nc3 Nc6 4.d4 cxd4 5.Nxd4 Nf6 6.Ndb5 d6 7.Bf4 e5 8.Bg5 a6
9.Na3 b5 10.Nd5 Be7 11.Bxf6 Bxf6 12.c3 O-O 13.Nc2 Bg5 14.h4 Bh6 15.g4 g6
16.g5 Bg7 17.Qf3 f5 18.gxf6 Bxf6 19.Qg3 Ra7 20.a4 bxa4 21.Bc4 Kh8 22.Rxa4 Na5
23.Ba2 Nc6 24.Nce3 Rb7 25.b4 a5 26.bxa5 Nxa5 27.h5 Bd7 28.Ra3 Be8 29.hxg6 Rg7
30.Nxf6 Rxf6 31.Qh4 Bxg6 32.Nd5 Rf8 33.Qxd8 Rxd8 34.Rxa5 Bxe4 35.Rh4 Bf3
36.Kd2 Rf8 37.Ke3 Rg1 38.Nf4 Bc6 39.Nd3 Rf3+ 40.Ke2 e4 41.Ne1 Rxc3 42.Kd2 Rc5
43.Rxc5 dxc5 44.Bc4 Rg5 45.Rh6 Be8 46.Rd6 Kg7 47.Rd5 Kf6 48.Rxg5 Kxg5 49.Ke3 Bc6
50.Ng2 h5 51.Nf4 h4 52.Bf1 Kf6 53.Bg2 Kf5 54.Bh3+ Kf6 55.Ne2 Ke5 56.Nc3 c4
57.Bf1 Bd5 58.Nxd5 Kxd5 59.Bg2 Ke5 60.Bxe4 c3 61.f4+ Kf6 62.Kf3  1-0

[Event "NLD-chT9495"]
[Site "?"]
[Date "1994.??.??"]
[Round "5"]
[White "Sziva, Erika"]
[Black "Brenninkmeijer, Joris"]
[Result "0-1"]
[WhiteElo "2250"]
[BlackElo "2495"]

1.e4 c5 2.Nf3 e6 3.d4 cxd4 4.Nxd4 Nc6 5.Nc3 d6 6.Be2 Nf6 7.O-O Be7 8.Kh1 O-O
9.f4 Bd7 10.Nf3 Be8 11.Qe1 Rc8 12.Bd3 Nb4 13.Qg3 d5 14.e5 Ne4 15.Nxe4 dxe4
16.Bxe4 Bc6 17.Bxc6 Rxc6 18.c3 Nc2 19.Rb1 Qd3 20.Bd2 Ra6 21.Rbd1 Rd8 22.Ng5 Rxa2
23.Qxd3 Rxd3 24.Bc1 Rxd1 25.Rxd1 Bxg5 26.fxg5 Kf8 27.h3 Ke7 28.Kg1 g6 29.b3 Na1
30.Be3 b6 31.Rb1 Nc2 32.Bf2 Na3 33.Rc1 Rb2 34.c4 Rxb3 35.c5 Rb1 36.Rxb1 Nxb1
37.cxb6 axb6 38.Bxb6 Kd7 39.Kf2 Kc6 40.Bd8 Kd5 41.Ke3 Na3 42.Bf6 Nc4+ 43.Kf4 Kd4
44.Bd8 Nb2  0-1

[Event "NLD-chT9495"]
[Site "?"]
[Date "1994.??.??"]
[Round "8"]
[White "Hendriks, Willy"]
[Black "Langeweg, Kick"]
[Result "0-1"]
[WhiteElo "2370"]
[BlackElo "2390"]

1.e4 c5 2.Nf3 e6 3.d4 cxd4 4.Nxd4 Nc6 5.Nc3 Qc7 6.Be3 a6 7.Bd3 b5 8.O-O Bb7
9.Kh1 Nf6 10.f4 b4 11.Nce2 Nxd4 12.Bxd4 Nxe4 13.c3 Bc5 14.Bxe4 Bxe4 15.Ng3 Bd5
16.cxb4 Bxd4 17.Qxd4 O-O 18.f5 Qc4 19.Qxc4 Bxc4 20.Rfd1 Bd5 21.Ne2 Rfb8 22.Nc3 Bc6
23.fxe6 fxe6 24.a3 a5 25.b5 Bxb5 26.Nxb5 Rxb5 27.Rxd7 Rxb2 28.h3 Rab8 29.Ra7 Rb1+
30.Rxb1 Rxb1+ 31.Kh2 Rb5 32.a4 Rf5 33.g4 Rd5 34.Kg3 h5 35.gxh5 Rxh5 36.h4 Rd5
37.Re7 Rd4 38.Rxe6 Rxa4 39.Ra6 Kh7 40.h5 Ra1  0-1

[Event "NLD-sf"]
[Site "?"]
[Date "1994.??.??"]
[Round "8"]
[White "Wiersma, Eelke"]
[Black "Van Mil, Johannes A J"]
[Result "1-0"]
[WhiteElo "2180"]
[BlackElo "2490"]

1.e4 c5 2.Nf3 e6 3.d4 cxd4 4.Nxd4 Nc6 5.Nc3 Qc7 6.Be3 a6 7.Bd3 Nf6 8.O-O Ne5
9.h3 Bc5 10.Kh1 b5 11.f4 Nxd3 12.cxd3 Qa7 13.Nce2 Bb7 14.Bg1 O-O 15.b4 Bb6
16.Qd2 Rac8 17.Rfc1 Qb8 18.Nb3 Bxg1 19.Kxg1 d6 20.Rxc8 Rxc8 21.Rc1 Nd7 22.Rxc8+ Qxc8
23.Qc3 Qd8 24.Qd4 Nb6 25.Kf1 f6 26.Kg1 e5 27.fxe5 fxe5 28.Qe3 Bc8 29.Nd2 Be6
30.a3 Qc7 31.Nf3 h6 32.d4 Nc4 33.Qc3 exd4 34.Nexd4 Qe7 35.Qd3 Bc8 36.a4 Qe8
37.axb5 axb5 38.Nf5 Bxf5 39.exf5 Qf7 40.Qe4 Qa7+ 41.Kh2 Qf7 42.Nd4 d5 43.Qe6 Qxe6
44.fxe6 Nd6 45.Kg3 g5 46.Kg4 Kh7 47.e7 Kg6 48.Nxb5 Ne8 49.Nc3 Nf6+ 50.Kf3 Kf7
51.Ke3 Kxe7 52.Kd4 Kd6 53.b5 g4 54.h4 g3 55.b6 Kc6 56.Nxd5 Nxd5 57.b7 Kxb7
58.Kxd5 Kb6 59.Ke5 Kc5 60.Kf4 Kd4 61.Kxg3 Ke5 62.Kg4 Kf6 63.Kf4 Ke6 64.g3 Kf6
65.g4 Ke6 66.Ke4 Kf6 67.Kd5 Kf7 68.Ke5 h5 69.g5 Kg6 70.Ke6  1-0

[Event "NLD-sf"]
[Site "?"]
[Date "1994.??.??"]
[Round "9"]
[White "Riemersma, Liafbern"]
[Black "Van den Doel, Erik"]
[Result "1-0"]
[WhiteElo "2440"]
[BlackElo "2335"]

1.e4 c5 2.Nf3 e6 3.d4 cxd4 4.Nxd4 Nc6 5.Nc3 d6 6.Be3 Nf6 7.f3 Be7 8.g4 O-O
9.Qd2 a6 10.O-O-O Nxd4 11.Bxd4 b5 12.Kb1 Bb7 13.h4 b4 14.Ne2 d5 15.e5 Nd7
16.f4 Qc7 17.Qe3 Rac8 18.Rc1 Bc5 19.h5 Nb6 20.b3 Bxd4 21.Qxd4 Qc5 22.h6 g6
23.g5 Nd7 24.c3 bxc3 25.Rh3 c2+ 26.Kb2 a5 27.Rc3 Qb5 28.R3xc2 Rxc2+ 29.Rxc2 Rc8
30.Rxc8+ Bxc8 31.Qc3 Nc5 32.Nd4 Na4+ 33.Ka3 Nxc3 34.Nxb5 Ba6 35.Nxc3 Bxf1
36.Ka4 Bd3 37.Kxa5 d4 38.Nd1 Bb1 39.a4 Bc2 40.Nf2 Kf8 41.Kb4 Ke7 42.a5 Kd7
43.Ng4 Kc6 44.Nf6  1-0

[Event "NOR-ch"]
[Site "?"]
[Date "1994.??.??"]
[Round "1"]
[White "Gullaksen, Eirik T"]
[Black "Ogaard, Leif"]
[Result "1-0"]
[WhiteElo "2370"]
[BlackElo "2425"]

1.e4 c5 2.Nf3 e6 3.d4 cxd4 4.Nxd4 Nc6 5.Nc3 a6 6.g3 d6 7.Bg2 Bd7 8.O-O Nf6
9.b3 Be7 10.Bb2 O-O 11.Kh1 Qb6 12.Nce2 Rfd8 13.c4 d5 14.cxd5 exd5 15.Nxc6 Bxc6
16.e5 Ng4 17.Qd4 Qxd4 18.Bxd4 Bb5 19.Bf3 Nh6 20.Rfd1 Nf5 21.Bb6 Re8 22.Nf4 Bf8
23.g4 Nh4 24.Bxd5 Rxe5 25.a4 Bc6 26.Bxc6 bxc6 27.Rac1 Rae8 28.Be3 c5 29.Nd3 Re4
30.h3 h5 31.gxh5 Nf5 32.Bxc5 Rh4 33.Kg2 Rxh5 34.Bxf8 Kxf8 35.Nc5 Nh4+ 36.Kf1 Nf3
37.Rd3 Ng5 38.Rcc3 a5 39.Rg3 f6 40.Rgd3 Kf7 41.Nb7 Ne4 42.Nd6+ Nxd6 43.Rxd6 Re7
44.Rdc6 Kg6 45.R6c5 Rhe5 46.Kg2 Kf5 47.Rxe5+ Rxe5 48.Rc7 g5 49.Rb7 Ke4 50.Rb6 f5
51.Rb5 f4 52.Rxe5+ Kxe5 53.Kf3 Kf5 54.Ke2 Ke4 55.f3+ Ke5 56.Kd3 Kd5 57.Kc3 Kc5
58.b4+ axb4+ 59.Kb3 Kd4 60.a5 Kc5 61.a6 Kb6 62.Kxb4 Kxa6 63.Kc5 Ka5 64.Kd5 Kb4
65.Ke5 Kc4 66.Kf5 Kd4 67.Kxg5 Ke3 68.Kg4  1-0